00424nam a2200193Ia 4500003000900000008004100009040001300050040001300063041000800076100002300084100000900107245003700116250001000153260002900163260000900192300001100201300001200212490000600224IT-RoPAU120407s9999 xx 000 0 und d aIT-RoPAU cIT-RoPAU aita aErmenegildo Florit csac. aIspirazione e inerranza biblica. aRoma  aPont. Ateneo Lateranense c1943 a140 p. c24,5 cm v1